Trampoty s programem pro vedení podvojného účetnictví

Využívanie výpočtovej techniky v účtovníctve. Softwarové firmy. Stanovisko lektora Ing. Lubomíra Harnu k problematike súčasného stavu rozvoja účtovníctva a jeho vedenia v účtovných jednotkách.

Salvato in:
Dettagli Bibliografici
Natura: Capitolo di libro
Lingua:ceco
Soggetti:
Tags: Aggiungi Tag
Nessun Tag, puoi essere il primo ad aggiungerne!!

MARC

LEADER 00000naa a2200000 4500
001 r018451
005 20221208131540.4
041 0 |a cze 
044 |a CZ 
245 1 0 |a Trampoty s programem pro vedení podvojného účetnictví 
520 |a Využívanie výpočtovej techniky v účtovníctve. Softwarové firmy. Stanovisko lektora Ing. Lubomíra Harnu k problematike súčasného stavu rozvoja účtovníctva a jeho vedenia v účtovných jednotkách. 
610 2 0 |a účtovníctvo 
610 2 0 |a technika výpočtová 
610 2 0 |a firmy 
610 2 0 |a softvér